• 首页
  • 本馆介绍
  • 公告通知
  • 最新文献
  • 馆藏检索
  • 电子资源
  • 读者导购
  • 参考咨询
  • 我的图书馆
  • 登录
  • 详细信息显示
  • 放入我的书架
  • 预约/预借图书
  • 作者相关作品
  • 分类相关作品
  • 丛书相关作品
  • 出版社相关作品

书目信息

  • 表格格式
  • 工作单格式
  • 卡片格式
题名:
山水中国
    
 
作者: 段宝林 , 江溶 主编 ;吕雅贤 , 罗哲文 , 李翔德 , 艾英 撰稿
分册:   湖南卷
出版信息: 北京   北京大学出版社  2005
页数: 325页
开本: 23cm
丛书名:
单 册:
中图分类: K928.70
科图分类:
主题词: 名胜古迹--中国 , 风景区--中国 , 名胜古迹--湖南省 , 风景区--湖南省 , 名胜古迹 , 风景区
电子资源:
ISBN: 7-301-09443-4
000 01349nam0 2200361 450
001 012007097436
005 20070517090829.29
010    @a7-301-09443-4@dCNY36.00
100    @a20070514d2005 km y0chiy0120 ea
101 0  @achi
102    @aCN@b110000
105    @aa z 000yy
106    @ar
200 1  @a山水中国@Ashan shui zhong guo@i湖南卷@f段宝林,江溶主编@Fduan bao lin,jiang rong zhu bian@f江溶卷主编@Fjiang rong juan zhu bian@g吕雅贤[等]撰稿@Glu ya xian[deng]zhuan gao@g罗哲文,李翔德,艾英卷主摄影@Gluo zhe wen,li xiang de,ai ying juan zhu she ying
210    @a北京@c北京大学出版社@d2005
215    @a325页@c图@d23cm
300    @a博雅悦读时光
330    @a本书分为长沙之旅、岳阳之旅、南岳之旅、湘南之旅、湘西之旅五编。内容主要包括:长沙、岳麓书院、毛泽东故居、岳阳、鲁肃墓、永州、桃花源等。
606 0  @a名胜古迹@y中国
606 0  @a风景区@y中国
606 0  @a名胜古迹@y湖南省
606 0  @a风景区@y湖南省
606 0  @a名胜古迹
606 0  @a风景区
690    @aK928.70@v4
701  0 @a段宝林@Aduan bao lin@f(1934.1~)@4主编
701  0 @a江溶@Ajiang rong@4主编
702  0 @a吕雅贤@Alu ya xian@4撰稿
702  0 @a罗哲文@Aluo zhe wen@f(1924~)@4卷主摄影
702  0 @a李翔德@Ali xiang de@c(文史)@4卷主摄影
702  0 @a艾英@Aai ying@c(摄影)@4卷主摄影
801  0 @aCN@bRULIN@c20070517
905    @dK928.70@e442@s8
    
    山水中国.湖南卷/段宝林,江溶主编/江溶卷主编/吕雅贤[等]撰稿/罗哲文,李翔德,艾英卷主摄影.-北京:北京大学出版社,2005
    325页:图;23cm
    博雅悦读时光
    
    ISBN 7-301-09443-4:CNY36.00
    本书分为长沙之旅、岳阳之旅、南岳之旅、湘南之旅、湘西之旅五编。内容主要包括:长沙、岳麓书院、毛泽东故居、岳阳、鲁肃墓、永州、桃花源等。
●
相关链接 在E读中查询图书 在五车中查询图书 在当当中查询图书 在豆瓣中查询图书


正题名:山水中国     索取号:K928.70/442         预约/预借

序号 登录号 条形码 馆藏地/架位号 状态 备注
1 0577525   205775259   第二样本阅览室/ [索取号:K928.70/442] 在馆    
2 0577526   205775268   第二借阅区/ [索取号:K928.70/442] 在馆    
3 0577527   205775277   第二借阅区/ [索取号:K928.70/442] 在馆    
4 0577528   205775286   密集书库/ [索取号:K928.70/442] 在馆    
5 0577529   205775295   第二借阅区/ [索取号:K928.70/442] 在馆    
6 0577530   205775302   密集书库/ [索取号:K928.70/442] 在馆    
7 0577531   205775311   第二借阅区/ [索取号:K928.70/442] 在馆    
8 0577532   205775320   密集书库/ [索取号:K928.70/442] 在馆    
唐山师范学院图书馆 欢迎您!
大连网信软件有限公司© 版权所有